000 02101cam a22004694i 4500
003 PE-LiUPU
005 20250731173126.0
008 150623s1961 miu rb 000 0 eng d
020 _a0310280702
035 _a(Sirsi) i9780310280705
040 _aPE-LiUPU
_bspa
_cPE-LiUPU
_erda
049 _aPRUA
082 0 4 _a220.8
_bA3
_221
100 1 _aLockyer, Herbert,
_eautor.
245 1 0 _aAll the kings and queens of the Bible :
_btragedies and triumphs of royalty in past ages.
_n7 /
_cHerbert Lockyer.
264 1 _aGrand Rapids :
_bZondervan Publishing House,
_c1961.
300 _a253 páginas ;
_c24 centímetros.
336 _atext
_2rdacontent
337 _aunmediated
_2rdamedia
338 _avolume
_2rdacarrier
490 0 _aThe All Series by Herbert Lockyer ;
_v7
504 _aIncluye bibliografía.
505 0 _aBible kings: Mesopotamia and ancient monarchs -- Assyria and assyrian monarchs, B.C.1456-615 -- Egypt and Egytian moanarchs -- Babylonia and Babylonian monarchs B.C. 606-538 -- Persia and Persian monarchs, B. C. 539-331 -- Greece and Grecian monarchs -- Rome and Roman Monarchs -- Palestine and Jewish Monarchs -- The earth and its perfect monarch -- Prophetic kings in Bible historia -- Symbolic kings in Bible history -- Bible queens: Gentile queens in Bible history -- Jewish queens in Bible history -- Symbolic Queens in Bible history.
526 _aSEG42
526 _aSEG41
526 _aSEG40
526 _aSEG39
526 _aP94
526 _aP87
526 _aP86
526 _aP85
526 _aP77
526 _aP76
526 _aP35
630 0 4 _aBiblia
_xBiografías.
942 _2ddc
_cBOOK
949 _a220.8 A3 7
_wDEWEY
_c1
_i51259
_lCCODEBUL1
_mBUL
_p15.00
_r0
_sY
_tBOOK
_u2015-6-24
_xTEOLOGIA
_PP35
_0COMPRA
_o.STAFF. Colección General
994 _aC0
_bPEPRU
596 _a1
999 _a220.8 A3 7
_wDEWEY
_c32967
_i51259
_f2021-11-9
_g5
_lCCODEBUL1
_mBUL
_p15.00
_r0
_sY
_tBOOK
_u2015-6-24
_xTEOLOGIA
_PP35
_0COMPRA
_o.STAFF. Colección General
_d32967
980 _81
_gALBERTO SANCHEZ Responsable de Automatización